Applying communication theory for professional life a practical introduction

Guardat en:
Dades bibliogràfiques
Autor principal: DAINTON, Marianne Zelley, Elaine D
Format: Llibre
Idioma:anglès
Publicat: SAGE 2015
Etiquetes: Afegir etiqueta
Sense etiquetes, Sigues el primer a etiquetar aquest registre!

MARC

LEADER 00000nam a22000007a 4500
008 210119b ||||| |||| 00| 0 eng d
020 |a 978-1-4522-7654-0 
100 |a DAINTON, Marianne  |a Zelley, Elaine D 
245 |a Applying communication theory for professional life  |b a practical introduction  |c Marianne Dainton, Elaine D. Zelley.  |g xv, 261p.: ill. 
250 |b 3RD 
260 |b SAGE  |c 2015  |h Los Angeles  |i 693349   |i 693350  |l P90 .D14  |m Communication – Philosophy 
500 |a It includes references and index”. 
942 |a lcc  |c BK  |e O.A.JOHNSON  |f 19/01/21 
952 |0 0  |1 0  |2 lcc  |4 0  |6 P0090 D14  |7 0  |9 1245  |a ART  |b HOL  |c LP  |d 2021-01-19  |l 0  |o P90 .D14  |p 2021-0061  |r 2021-01-19 00:00:00  |w 2021-01-19  |y BK 
999 |c 648  |d 648